Lo que es un parque nacional y el parque nacional de Covadonga
Descripción Física:
18 p. ; 8º mlla. (21 cm)
Materias:
Parcs naturals -- Espanya
MARC
| LEADER | 00000nam a2200000Ia 4500 | ||
|---|---|---|---|
| 001 | 24252 | ||
| 008 | 160829s1917 xx 000 0 cat d | ||
| 080 | |a RF-16-94 | ||
| 100 | |a Pidal y Bernaldo de Quirós, Pedro |9 50111 | ||
| 245 | |a Lo que es un parque nacional y el parque nacional de Covadonga | ||
| 260 | |a Madrid : |b (Imp. de Ramona Velasco), |c 1917 | ||
| 300 | |a 18 p. ; |c 8º mlla. (21 cm) | ||
| 590 | |a Prové de C-211, exp 2 | ||
| 650 | |a Parcs naturals |x Espanya |9 50112 | ||
| 856 | 4 | |u https://media.diba.cat/diba/fitxers/arxiu/fulletons/bib_24252_1917_baixa.pdf |y Accés lliure | |
| 856 | 4 | |u https://media.diba.cat/diba/fitxers/arxiu/fulletons/bib_24252_1917_baixa.pdf |y Accés lliure | |
| 901 | |a Arxiu | ||
| 942 | |n 1 |2 udc | ||
| 952 | |0 0 |1 0 |4 0 |6 RF1694 |7 1 |9 55791 |a Arxiu |b Arxiu |d 2016-12-01 |l 0 |o RF-16-94 |p 24252 |r 2016-12-01 00:00:00 |w 2016-12-01 |y ARXIU | ||
| 999 | |c 59664 |d 59664 | ||
| 900 | |a bib_24252_1917_baixa.pdf | ||